France in 1946 - Statistics

General Stats
  • This quiz has been taken 7 times
  • The average score is 12 of 25
Answer Stats
Hint Answer % Correct
Africa French Algeria
100%
South America French Guiana
80%
Africa French Tunisia
80%
Europe Metropolitan France
80%
Africa Morocco
80%
Africa French Cameroon
60%
Oceania French Polynesia
60%
North America Guadeloupe
60%
North America Martinique
60%
Oceania New Caledonia
60%
Africa Reunion
60%
North America Saint Martin
60%
Asia Vietnam
60%
Asia French Indochina
40%
Africa Madagascar
40%
Africa Mayotte
40%
North America Saint Pierre and Miquelon
40%
Oceania Wallis and Futuna
40%
Europe French Austria
20%
Africa French Equitorial Africa
20%
Africa French Northern Cameroon
20%
Europe French Rhine
20%
Africa French Southern Cameroon
20%
Africa French Western Africa
20%
North America Saint Barthelemy
20%
No matching quizzes found
Score Distribution
Percent of People with Each Score
Percentile by Number Answered
Your Score History
You have not taken this quiz